[Event "Charlotte Open 2020"]
[Site "Charlotte"]
[Date "2020.01.03"]
[Round "4.13"]
[White "Escalante Ramirez, Brian Sebasti"]
[Black "Guo, Arthur"]
[Result "1-0"]
[WhiteElo "2421"]
[BlackElo "2301"]
[Annotator "TA"]
[PlyCount "101"]
[EventDate "2020.01.02"]
[EventType "swiss"]
[EventCountry "USA"]
[SourceTitle "playchess.com"]
[Source "ChessBase"]
[SourceQuality "1"]

{[%evp 13,101,9,13,0,32,27,70,82,68,61,68,69,61,77,104,103,100,62,96,87,127,86,178,179,179,179,182,182,181,181,179,172,181,174,191,197,193,197,183,187,220,194,236,235,288,283,293,276,290,278,311,315,431,424,427,416,420,370,660,362,395,350,421,357,508,470,440,381,426,411,652,0,426,409,382,397,389,392,468,468,463,456,569,560,794,616,850,811,883,843]} 1. e4 c5 2. Nf3 d6 3. d4 cxd4 4. Nxd4 Nf6 5. Nc3 a6 6. Be3 e5 7. Nf3 Be7 8. Nd2 {B90: Sicilian Najdorf: Unusual White 6th moves, 6 Be3 Ng4 and 6 Be3 e5} (8. Bc4 O-O 9. O-O Nc6 10. Re1 Be6 11. Nd5 Bxd5 12. exd5 b5 13. Bf1 Nb4 14. c4 bxc4 15. Bxc4 Qc7 16. Rc1 Qb7 17. Bg5 Nbxd5 {1-0 (29) Anand,V (2756)-Giri,A (2779) Amsterdam 2019}) 8... Ng4 9. Nc4 {And now Bb6 would win.} Be6 $146 ({Predecessor:} 9... Nxe3 10. Nxe3 Nc6 11. Ncd5 Bg5 12. c3 O-O 13. Nc4 Be6 14. Ncb6 Rb8 15. a4 Ne7 {½-½ (57) Nowakowski,M (2442)-Grego,L (2315) ICCF email 2012}) 10. Bb6 {White is slightly better.} Qd7 11. h3 Nf6 {...Bxc4 is the strong threat.} 12. Be3 $1 {Strongly threatening Nb6.} Bxc4 13. Bxc4 b5 {[#]} 14. Bb3 $1 $36 {[%mdl 2048] White has strong initiative.} Nc6 15. Nd5 Rd8 16. c3 (16. a4 {is interesting.} Na5 17. Nb6 Qc7 18. axb5 Nxb3 19. cxb3 d5 20. Nxd5 Bb4+ 21. Ke2) 16... O-O 17. Qd3 Na5 (17... Rb8 $16) 18. Nxe7+ $18 Qxe7 19. Bb6 {[%mdl 64] Double Attack} Nb7 {[%cal Ba5b7,Bb7c5,Bc5e4][%mdl 32]} 20. Bxd8 Rxd8 21. Qe2 Nc5 {[#]} 22. Bc2 $1 Qb7 23. O-O Ncxe4 24. a4 Nc5 25. axb5 axb5 26. Ra5 Rb8 27. Bd3 Nxd3 28. Qxd3 d5 29. Rfa1 h6 30. Ra7 Qc6 31. Re7 e4 32. Qd4 b4 33. Qa7 Rf8 34. cxb4 Qc4 35. Qc5 Qd3 $2 (35... Qe2 36. b5 Qxb2) 36. Qc3 Qe2 37. Rc7 {Black must now prevent Rc8.} Kh7 38. Rca7 h5 (38... Qh5 {was necessary.} 39. b5 Rb8) 39. Qc5 Kg8 40. Qd4 Kh7 41. Qe5 Qc4 (41... Qd2 $142 42. Qc3 Qe2) 42. Qc3 Qe2 43. R7a5 Rb8 44. Re1 Qd3 45. b5 h4 46. Qxd3 {White is clearly winning.} exd3 47. Rd1 Ne4 48. Rxd3 Rc8 {Threatens to win with ...Rc1+.} 49. Ra1 Rc5 50. Rb3 Nd2 51. Rb4 {Accuracy: White = 79%, Black = 24%.} 1-0

[Event "Charlotte Open 2020"]
[Site "Charlotte"]
[Date "2020.01.03"]
[Round "4.14"]
[White "Tokhirjonova, Gulrukhbegim"]
[Black "Daggupati, Balaji"]
[Result "0-1"]
[WhiteElo "2421"]
[BlackElo "2311"]
[Annotator "TA"]
[PlyCount "94"]
[EventDate "2020.01.02"]
[EventType "swiss"]
[EventCountry "USA"]
[SourceTitle "playchess.com"]
[Source "ChessBase"]
[SourceQuality "1"]

{[%evp 9,94,-20,47,35,70,77,62,62,64,25,38,26,32,0,0,-22,-25,-22,-20,-2,-17,-58,-11,-73,0,0,0,0,32,38,25,8,57,24,152,0,0,-44,-63,-66,-43,-45,-41,-57,-52,-58,0,0,0,0,18,-13,0,0,0,0,0,-57,-50,-104,-61,-66,-50,-102,-103,-108,-88,-81,-80,-81,-110,-102,-100,-1094,-1089,-1441,-1407,-29990,-29991,-29991,-29992,-29992,-29993,-29997,-29998,-29998,-29999]} 1. Nf3 d5 2. g3 Bg4 3. Bg2 c6 4. O-O Nd7 5. c4 (5. h3 Bxf3 6. Bxf3 e6 7. d3 Bd6 8. e4 Ngf6 9. Qe2 Qc7 10. Nc3 O-O-O 11. a4 Rdg8 12. Rb1 g5 {1-0 (37) Vachier Lagrave,M (2780)-Topalov,V (2740) Abidjan 2019}) 5... dxc4 (5... Bxf3 $11 6. Bxf3 dxc4) 6. Na3 $14 {A07: Réti Opening: New York and Capablanca Systems} g6 7. Nxc4 Bg7 8. d4 {White is slightly better.} Ngf6 9. Nfe5 Be6 10. e4 O-O 11. Be3 Ng4 $1 {[%cal Rd7e5]} 12. Nxg4 $146 {aiming for d5.} ({Predecessor:} 12. Nxd7 Nxe3 13. fxe3 Qxd7 {1-0 (60) Lagowski,P (2393)-Krasiewicz,R (2056) Warsaw 2005}) 12... Bxc4 13. Re1 h5 14. Nh6+ Kh7 $1 15. Qc1 Nb6 16. g4 (16. b3 $11 Be6 17. Rd1) 16... hxg4 (16... Be6 $1 $17 17. gxh5 Nc4) 17. Nxg4 $11 Be6 18. Ne5 Bxe5 19. dxe5 Nc4 20. Rd1 Qa5 21. Bd4 $1 Nxe5 {[#]} (21... Rad8 $11 {keeps the balance.}) 22. b4 $2 (22. f4 $1 $16) 22... Qc7 $1 23. Qf4 f6 24. Qh4+ Kg7 $1 25. f4 Nf7 26. Rd3 Rh8 27. Qf2 Bc4 (27... Rad8 $15) 28. Rc3 b5 29. e5 Qd7 30. Re1 {Strongly threatening Rxc4!} Rad8 $36 {[%mdl 2048] Black is pushing.} 31. Bc5 fxe5 $1 32. fxe5 Qe6 33. Rg3 (33. Qg3 $11) 33... Rh5 $15 (33... Nxe5 $2 34. Rg5 $18) 34. Qf4 ({White should try} 34. Bf3 $15 Rg5 35. h4) 34... Rdh8 {White must now prevent ...Rh4.} 35. Be4 R8h6 (35... Nxe5 $2 36. Bd4 $16) (35... Qxe5 $6 36. Qxe5+ Nxe5 37. Bd4 $16) 36. Rg2 (36. Qg4 $15) 36... Rh4 $17 ({Much weaker is} 36... Nxe5 $6 37. Be3 $11) ({Of course not} 36... Qxe5 $6 37. Qd2 $11) 37. Qf3 Nxe5 38. Bd4 {And now Qg3 would win.} Kg8 39. Qg3 {[#]} Rxe4 $1 40. Rxe4 Qf5 {[%csl Gc4][%cal Rf5f1] [#]} 41. Re1 $2 {[%mdl 8192]} (41. Qf4 $1 $17 {[%mdl 512]} Nf3+ 42. Kf2 (42. Kh1 $2 Qxf4 43. Rxf4 Bd5 $19) 42... Qxf4 43. Rxf4 Nxd4 44. Rxd4) 41... Nf3+ $19 {[%mdl 64] Double Attack} 42. Kh1 Nxe1 43. Qb8+ Kf7 {Black mates.} 44. Rf2 Bd5+ 45. Kg1 Nf3+ {[%mdl 64] Double Attack} 46. Kf1 Qb1+ 47. Ke2 Qe1+ {Accuracy: White = 30%, Black = 57%.} 0-1

[Event "Charlotte Open 2020"]
[Site "Charlotte"]
[Date "2020.01.03"]
[Round "4.15"]
[White "Mulyar, Michael"]
[Black "Song, Edward"]
[Result "1/2-1/2"]
[WhiteElo "2380"]
[BlackElo "2411"]
[Annotator "TA"]
[PlyCount "189"]
[EventDate "2020.01.02"]
[EventType "swiss"]
[EventCountry "USA"]
[SourceTitle "playchess.com"]
[Source "ChessBase"]
[SourceQuality "1"]

{[%evp 10,189,-8,-13,-9,-5,0,-14,-4,-10,-5,-5,-7,-8,-8,-11,-9,-9,-3,-10,0,0,-2,-8,0,-15,-12,-12,-11,-12,-15,-13,-13,-21,-16,-16,-20,-16,-15,-28,-20,-22,-18,-17,-8,-12,-8,-17,-4,-4,-4,-4,0,-4,-4,-4,-4,-4,-4,-4,-4,-4,-4,-6,-4,-17,-4,-4,-4,-10,-4,-12,-6,-22,-22,-22,0,-18,-14,-32,-20,-73,-43,-64,-66,-64,-66,-64,-64,-117,-127,-125,-120,-96,-58,-58,-26,-27,-19,-19,-19,-20,-19,-19,-19,-19,-19,-19,-19,-19,-19,-19,-19,-19,-19,-19,-19,-46,-19,-46,-46,-46,-19,-46,-46,-46,-46,-46,-46,-46,-46,-46,-19,-19,-19,-46,-46,-46,-19,-46,-46,-46,-46,-46,-46,-46,-19,-46,-19,-46,-46,-46,-19,-46,-19,-46,-12,-46,-19,-19,-19,-19,-19,-19,-12,-12,-12,-12,-12,-12,-12,-12,-12,-12,-12,-37,-12,-19,-19,-52,-34,-59]} 1. d4 Nf6 2. Nf3 d5 3. c4 e6 4. Nc3 dxc4 5. Bg5 a6 6. a4 Nc6 {D24: Queen's Gambit Accepted: 3 Nf3 Nf6 4 Nc3} 7. e3 Na5 8. Nd2 c5 {The position is equal.} 9. Nxc4 cxd4 10. Qxd4 Qxd4 11. exd4 Nxc4 12. Bxc4 Bd7 $146 ({Predecessor:} 12... Be7 13. Bf4 Bd7 14. d5 {½-½ (29) Topalov,V (2740)-Ding,L (2805) Abidjan 2019}) 13. d5 h6 14. dxe6 Bxe6 15. Bxe6 {[#] Black must now prevent Bxf6.} hxg5 16. Bb3 Bb4 17. O-O Bxc3 18. bxc3 O-O 19. Rfe1 Rfe8 20. h3 Kf8 21. Rxe8+ (21. Reb1 {keeps more tension.} Rab8 22. Rd1 Rbc8 23. Rd3 Rc7 24. Kf1) 21... Rxe8 $11 {[%mdl 4096] Endgame KRB-KRN} 22. Rd1 Rc8 23. Rd3 Rc7 24. Re3 Nd7 25. Kf1 f6 26. Ke2 Ne5 27. Kd1 Re7 28. Kc2 Ke8 29. Bd5 Kd8 30. Re4 Kc7 31. f4 gxf4 32. Rxf4 a5 33. h4 b6 34. h5 Nd7 35. Bf3 Re5 36. Rh4 Rf5 37. Rg4 Rg5 {next ...Rxg4 is good for Black.} 38. Rc4+ Nc5 39. Rf4 Ne6 40. Rh4 Rf5 41. h6 gxh6 42. Rxh6 Ng5 43. Bh5 Kd6 44. Be8 Ne4 45. Bb5 (45. Kd3 $11 {remains equal.}) 45... Ke5 46. Rh8 Rf2+ 47. Kd3 {[#] And now Re8+ would win.} Nc5+ 48. Ke3 Rxg2 49. Rb8 (49. Re8+ $15 Kd6 50. Rd8+ Ke6 51. Re8+ Kf5 52. Rb8) 49... Rg3+ 50. Ke2 f5 51. Rxb6 f4 52. Bc6 Rxc3 53. Rb5 Kd6 54. Ba8 Re3+ ({Much less strong is} 54... Nxa4 55. Rd5+ Ke6 56. Rxa5 $17) 55. Kf1 Nd3 56. Rxa5 f3 57. Bxf3 Rxf3+ {KRN-KR} 58. Ke2 Rh3 59. Rf5 Nc5 60. a5 Ra3 61. a6 Nxa6 62. Rh5 Nc5 63. Kd2 Nd7 64. Kc2 Ne5 65. Kd2 Kd5 66. Kc2 Rg3 67. Rf5 Ke4 68. Rh5 Nc6 69. Rh4+ Kd5 70. Kd2 Nd4 {Strongly threatening ...Nf3+.} 71. Rh5+ Kc4 72. Rh4 Rd3+ 73. Ke1 Kc3 74. Rg4 Rf3 75. Rg2 Kd3 76. Rd2+ Ke3 77. Ra2 Ke4 78. Ra4 Rc3 79. Kf2 Rc2+ 80. Kg3 Rb2 81. Rc4 Ra2 82. Rb4 Ke3 83. Rc4 Ra8 84. Rc3+ Ke4 {( -> ...Ne2+)} 85. Rc7 Nf5+ 86. Kf2 Ra2+ 87. Ke1 Kd3 88. Rd7+ Ke3 89. Kd1 Nd4 {[%cal Ra2a1]} (89... Ng3 {with more complications.} 90. Kc1 Rh2 91. Rc7 Nf5 92. Rc2 Rh8) 90. Kc1 Kd3 91. Kb1 Rg2 92. Rd8 Kc3 93. Rc8+ Kb4 94. Kc1 Nb5 95. Kd1 {Accuracy: White = 54%, Black = 53%.} 1/2-1/2

[Event "Charlotte Open 2020"]
[Site "Charlotte"]
[Date "2020.01.03"]
[Round "4.16"]
[White "Puckett, Matthew"]
[Black "Fedorowicz, John"]
[Result "1/2-1/2"]
[WhiteElo "2148"]
[BlackElo "2430"]
[Annotator "NA"]
[PlyCount "36"]
[EventDate "2020.01.02"]
[EventType "swiss"]
[EventCountry "USA"]
[SourceTitle "playchess.com"]
[Source "ChessBase"]
[SourceQuality "1"]
[TimeControl "6000+30"]

1. d4 {[%emt 1:40:30]} Nf6 {[%emt 1:40:30]} 2. c4 {[%emt 0:00:30]} e6 {[%emt 0:00:30]} 3. g3 {[%emt 0:00:30]} Bb4+ {[%emt 0:00:30]} 4. Bd2 {[%emt 0:00:30]} Qe7 {[%emt 0:00:30]} 5. Nf3 {[%emt 0:00:30]} Nc6 {[%emt 0:00:30]} 6. Nc3 {[%emt 0:00:30]} Bxc3 {[%emt 0:00:30]} 7. Bxc3 {[%emt 0:00:30]} Ne4 {[%emt 0:00:30]} 8. Rc1 {[%emt 0:00:30]} O-O {[%emt 0:00:30]} 9. Bg2 {[%emt 0:00:30]} d6 {[%emt 0:00:30]} 10. d5 {[%emt 0:00:30]} Nxc3 {[%emt 0:00:30]} 11. Rxc3 {[%emt 0:00:30]} Nd8 {[%emt 0:00:30]} 12. O-O {[%emt 0:00:30]} e5 {[%emt 0:00:30]} 13. Qc2 {[%emt 0:00:30]} c5 {[%emt 0:00:30]} 14. dxc6 {[%emt 0:00:30]} Nxc6 {[%emt 0:00:30]} 15. e3 {[%emt 0:00:30]} Be6 {[%emt 0:00:30]} 16. Rd1 {[%emt 0:00:30]} Rfd8 {[%emt 0:00:30]} 17. a3 {[%emt 0:00:30]} a5 {[%emt 0:00:30]} 18. b3 {[%emt 0:00:30]} g6 {[%emt 0:00:30]} 1/2-1/2

[Event "Charlotte Open 2020"]
[Site "Charlotte"]
[Date "2020.01.03"]
[Round "4.17"]
[White "Martinez, Isaac"]
[Black "Yu, Jennifer"]
[Result "0-1"]
[WhiteElo "2079"]
[BlackElo "2321"]
[Annotator "TA"]
[PlyCount "112"]
[EventDate "2020.01.02"]
[EventType "swiss"]
[EventCountry "USA"]
[SourceTitle "playchess.com"]
[Source "ChessBase"]
[SourceQuality "1"]

{[%evp 9,112,1,6,0,6,0,2,0,0,0,0,-8,-2,-4,0,-4,0,0,-5,-16,-10,-23,-16,-20,-11,-35,-35,-32,-28,-29,-22,-42,-14,-20,-18,-26,-21,-28,-15,-32,-24,-53,0,0,-8,-50,0,0,0,-22,-20,-42,-57,-145,-139,-263,-103,-93,-91,-100,-86,-91,-86,-169,-181,-452,-464,-433,-404,-391,-229,-219,-225,-443,-427,-413,-345,-387,-366,-358,-347,-347,-340,-314,-304,-560,-545,-690,-687,-655,-600,-626,-614,-800,-808,-747,-761,-1380,-1497,-1149,-1103,-5306,-11522,-5197,-5193]} 1. c4 e6 2. Nf3 d5 3. e3 Nf6 4. b3 b6 5. Bb2 Bb7 6. Nc3 {A13: English Opening: 1...e6} (6. cxd5 exd5 7. g3 Nbd7 8. Bg2 Ba6 9. Bf1 Bb7 10. Bg2 Ba6 11. Bf1 {½-½ (11) Duda,J (2738)-Wang,H (2730) St Petersburg 2018}) 6... Nbd7 7. Rc1 a6 8. cxd5 {The position is equal.} exd5 9. d4 Bd6 10. Bd3 O-O 11. O-O Re8 12. Ne2 Qe7 13. Ng3 g6 14. Qc2 Rac8 {[#]} 15. a4 $146 ({Predecessor:} 15. Qe2 Ra8 16. Rc2 Rec8 17. Rfc1 Ne4 18. Nf1 {1-0 (46) Tregubov,P (2611)-Levin,E (2521) Loo 2013}) 15... Ne4 16. Qe2 Nb8 17. Bxe4 (17. Ne5 {with more complications.} f6 18. Nf3 Kg7 19. Rfd1 a5 20. Bb5) 17... dxe4 18. Nd2 Bd5 19. Nc4 Bb4 20. Qg4 {Black should prevent Nxb6!} Qf8 (20... Qd7 $5 {[%cal Rd7g4]} 21. Qxd7 Nxd7 $15) 21. Nh5 {Hoping for Nf6+.} f5 22. Qg5 {aiming for Nf6+.} Be7 23. Qg3 Nd7 24. Nf4 Nf6 25. h4 Qh6 (25... Bxc4 $5 26. Rxc4 Bd6 $15) 26. Qg5 Qg7 27. Qg3 Rcd8 28. Qh3 Qh6 29. Ne5 Bd6 30. Rc3 c5 {Strongly threatening ...cxd4.} 31. Nxd5 (31. g3 $15) 31... Nxd5 $17 {[%cal Bf6d5,Bd5b4,Bb4d3][%mdl 32]} ({Don't play} 31... Bxe5 32. Nxf6+ Bxf6 33. h5 $15) 32. Rcc1 (32. Rc2 $17) 32... Bxe5 $2 (32... cxd4 $19 {is more deadly.} 33. Nc6 dxe3 34. Nxd8 Rxd8 35. fxe3 Nxe3) 33. dxe5 Nb4 34. Rcd1 Nd3 35. Ba1 Qh5 $36 {[%mdl 2048] Black has strong initiative.} 36. Qg3 {[#]} (36. f3 $17 {was called for.}) 36... Nf4 $1 $19 {[%cal Rf4e2][%mdl 512]} 37. Qxf4 $2 (37. Rde1 {only move.} Ne2+ 38. Rxe2 Qxe2 39. f4) (37. exf4 Rxd1) 37... Rxd1 38. f3 Rxf1+ 39. Kxf1 {[%mdl 4096] Endgame [#] intending e6. KQR-KQB} Re6 (39... g5 $142 $1 40. Qxf5 (40. Qxg5+ Qxg5) 40... exf3 41. gxf3 Rf8 42. Qxg5+ Qxg5 43. hxg5 Rxf3+ {[%mdl 64] Double Attack} 44. Ke2 Rg3) 40. Bc3 Kg7 41. fxe4 $2 (41. Be1 {is a better defense.}) 41... Qd1+ {[%mdl 64] Double Attack} 42. Be1 Qxb3 43. exf5 Qd3+ {[%mdl 64] Double Attack} 44. Kg1 Qxf5 45. Qc4 a5 {[%cal Ba6a5,Ba5a4][%mdl 32]} 46. e4 Qf7 47. Qc3 $2 (47. Bc3) 47... Qd7 {Black is clearly winning.} 48. Bf2 Qxa4 49. Qd2 Qe8 50. Be3 a4 51. Bg5 Rxe5 52. Qb2 Kg8 53. Qxb6 Rxe4 54. Bd2 Qd7 55. Qb8+ Re8 56. Qf4 Qd4+ {Accuracy: White = 32%, Black = 69%.} 0-1

[Event "Charlotte Open 2020"]
[Site "Charlotte"]
[Date "2020.01.03"]
[Round "4.18"]
[White "Narva, Mai"]
[Black "Polgar-Shutzman, Tom"]
[Result "1-0"]
[WhiteElo "2321"]
[BlackElo "2233"]
[Annotator "ChessBase"]
[PlyCount "51"]
[EventDate "2020.01.02"]
[EventType "swiss"]
[EventCountry "USA"]
[SourceTitle "playchess.com"]
[Source "ChessBase"]
[SourceQuality "1"]
[TimeControl "6000+30"]

1. e4 {[%emt 1:40:30]} g6 {[%emt 1:40:30]} 2. d4 {[%emt 0:00:30]} Bg7 {[%emt 0:00:30]} 3. Nc3 {[%emt 0:00:30]} d5 {[%emt 0:00:30]} 4. exd5 {[%emt 0:00:30]} Nf6 {[%emt 0:00:30]} 5. Bc4 {[%emt 0:00:30]} Nbd7 {[%emt 0:00:30]} 6. Nf3 {[%emt 0:00:30]} O-O {[%emt 0:00:30]} 7. O-O {[%emt 0:00:30]} Nb6 {[%emt 0:00:30]} 8. Bb3 {[%emt 0:00:30]} a5 {[%emt 0:00:30]} 9. a3 {[%emt 0:00:30]} a4 {[%emt 0:00:30]} 10. Ba2 {[%emt 0:00:30]} Nbxd5 {[%emt 0:00:30]} 11. Nxd5 {[%emt 0:00:30]} Nxd5 {[%emt 0:00:30]} 12. Qe2 {[%emt 0:00:30]} Bg4 {[%emt 0:00:30]} 13. Rd1 {[%emt 0:00:30]} c6 {[%emt 0:00:30]} 14. c4 {[%emt 0:00:30]} Nc7 {[%emt 0:00:30]} 15. Be3 {[%emt 0:00:30]} Qd7 {[%emt 0:00:30]} 16. h3 {[%emt 0:00:30]} Bxf3 {[%emt 0:00:30]} 17. Qxf3 {[%emt 0:00:30]} Rfd8 {[%emt 0:00:30]} 18. Rd2 {[%emt 0:00:30]} Ra5 {[%emt 0:00:30]} 19. Rad1 {[%emt 0:00:30]} e6 {[%emt 0:00:30]} 20. d5 {[%emt 0:00:30]} cxd5 {[%emt 0:00:30]} 21. Bb6 {[%emt 0:00:30]} Ra6 {[%emt 0:00:30]} 22. cxd5 {[%emt 0:00:30]} Qc8 {[%emt 0:00:30]} 23. dxe6 {[%emt 0:00:30]} Rxd2 {[%emt 0:00:30]} 24. Qxf7+ {[%emt 0:00:30]} Kh8 {[%emt 0:00:30]} 25. Rxd2 {[%emt 0:00:30]} Rxb6 {[%emt 0:00:30]} 26. e7 {[%emt 0:00:30]} 1-0

[Event "Charlotte Open 2020"]
[Site "Charlotte"]
[Date "2020.01.03"]
[Round "4.19"]
[White "Ezra Paul Chambers"]
[Black "Venkat, Raghav"]
[Result "0-1"]
[WhiteElo "2265"]
[BlackElo "2141"]
[Annotator "TA"]
[PlyCount "88"]
[EventDate "2020.01.02"]
[EventType "swiss"]
[EventCountry "USA"]
[SourceTitle "playchess.com"]
[Source "ChessBase"]
[SourceQuality "1"]

{[%evp 17,88,33,70,62,53,63,60,-8,6,-69,-72,-70,-73,-135,-137,-139,-118,-182,-181,-182,-168,-187,-160,-182,-182,-208,-194,-193,-224,-219,-183,-512,0,-58,0,-585,0,0,0,0,-1,-12,-31,-72,-91,-82,-47,-81,-37,-55,0,-6,0,0,0,0,0,-354,-351,-356,-386,-508,-492,-606,-622,-561,-516,-29986,-834,-5322,-5273,-29998,-29999]} 1. e4 c5 2. Nc3 d6 3. Nf3 Nf6 4. d4 cxd4 5. Nxd4 g6 6. Be3 Bg7 7. Be2 O-O 8. Qd2 Nc6 9. O-O-O Bd7 10. Kb1 {B72: Sicilian Dragon: 6 Be3, lines with h3+Bc4 and sidelines} (10. f3 Qa5 11. Nb3 Qc7 12. h4 a5 13. a3 b5 14. Nxb5 Qb7 15. a4 Rfc8 16. Kb1 Ne5 17. h5 Nc4 18. Bxc4 Rxc4 19. hxg6 fxg6 {0-1 (45) Piorun,K (2659)-Petrosian,T (2589) Moscow 2018}) 10... Nxd4 11. Bxd4 b5 {[%cal Bb7b5,Bb5b4][%mdl 32]} 12. Bf3 (12. f3 $14) 12... b4 $146 (12... e5 $5 13. Be3 $8 b4 $11) ({Predecessor:} 12... Rc8 13. Nd5 Nxd5 14. Bxg7 Kxg7 15. exd5 Bf5 16. Rc1 h5 17. h3 Rh8 18. g4 hxg4 19. hxg4 Bd7 20. Rxh8 {1-0 (20) Arenas Vanegas,D (2443)-Salazar,A (2150) Cali 2010}) 13. Ne2 (13. Nd5 $11) 13... e5 $15 14. Be3 d5 $1 15. Ng3 (15. Bg5 $142) 15... d4 $17 16. Bg5 Qa5 17. h4 (17. Be2 $17) 17... Rfc8 18. h5 Be6 $40 {[%mdl 128] Black goes for the king.} 19. b3 Rc3 {White must now prevent ...Rac8.} 20. Be2 Nd7 (20... Rac8 21. Bd3 $15) 21. hxg6 fxg6 22. Bh6 {And now Bxg7 would win.} Bf6 23. Bd3 Rac8 {aiming for ...Nc5.} 24. Bg5 $2 (24. Ne2 R3c7 25. f4) 24... Bg7 $2 (24... Bxg5 $19 25. Qxg5 Rxc2 $1 {[%mdl 576] Deflection} 26. Bxc2 Rxc2 $1 {[%mdl 512]} 27. Kxc2 Qxa2+ {[%mdl 64] Double Attack} 28. Kc1 Bxb3 29. Qd8+ Nf8) 25. Bh6 (25. Ne2 $1 $11) 25... Bf6 $2 {[%mdl 8192]} (25... Bh8 $1 $15 26. Nf5 gxf5 27. exf5 Bd5 28. Qg5+ Kf7 29. Qh5+ Ke7 30. Bg5+ {[%mdl 64] Discovered Attack} Bf6 31. Qxh7+ Bf7) 26. Bg5 $1 $19 Qc7 $2 (26... Bxg5 $19 27. Qxg5 Rxc2 $1 {[%mdl 512]} 28. Bxc2 Rxc2 $1 {[%mdl 512]}) 27. Bxf6 $11 Nxf6 28. Ne2 Ng4 29. Rdf1 ({Avoid the trap} 29. Nxc3 $2 bxc3 30. Qc1 Nxf2 $19) 29... Rc5 30. Qxb4 a5 {[%cal Ba7a5,Ba5a4][%mdl 32]} ({Of course not} 30... Rxc2 31. Rc1 $11) 31. Qd2 Qb7 {[%mdl 1024] Black has strong compensation.} 32. Ka1 a4 {[%cal Ra4b3]} 33. b4 a3 34. Rb1 $1 R5c6 35. Rhf1 Qf7 36. Nc1 Bc4 {...Bxd3 is the strong threat.} 37. Qe2 $2 {[%mdl 8192]} (37. Nb3 $1 $11 {and White has nothing to worry.}) 37... Bxd3 $19 38. cxd3 h5 {Threatens to win with ...Rc2.} 39. Nb3 Rc2 40. Qe1 Nxf2 41. b5 {intending Qa5.} Nxd3 {( -> ...Qc4)} 42. Qa5 (42. Rxf7 $19 Nxe1 43. Rf1) 42... Qe7 (42... Qc4 $142 43. Rf3 Nb4 44. Qxb4 Qxb4 45. b6 {[#]} Rc1 $1 {[%mdl 512]} 46. Nxc1 Rxc1 $1 {[%mdl 512]} 47. Rfb3 Qe1 48. b7 Rxb1+ {[%mdl 64] Overworked Piece} 49. Rxb1 Qc3+ 50. Rb2 Qxb2#) 43. b6 Nb4 {[%csl Gb4][%cal Rc2a2]} 44. Nc1 {[#]} Rxa2+ $1 {[%mdl 576] Clearance. Accuracy: White = 36%, Black = 71%.} 0-1

[Event "Charlotte Open 2020"]
[Site "Charlotte"]
[Date "2020.01.03"]
[Round "4.20"]
[White "Cezila Jr, Rubens"]
[Black "Ngo, Bach"]
[Result "1-0"]
[WhiteElo "2239"]
[BlackElo "2027"]
[Annotator "ChessBase"]
[PlyCount "79"]
[EventDate "2020.01.02"]
[EventType "swiss"]
[EventCountry "USA"]
[SourceTitle "playchess.com"]
[Source "ChessBase"]
[SourceQuality "1"]
[TimeControl "6000+30"]

1. b3 {[%emt 1:40:30]} Nf6 {[%emt 1:40:30]} 2. Bb2 {[%emt 0:00:30]} e6 {[%emt 0:00:30]} 3. g3 {[%emt 0:00:30]} Be7 {[%emt 0:00:30]} 4. Bg2 {[%emt 0:00:30]} O-O {[%emt 0:00:30]} 5. Nf3 {[%emt 0:00:30]} d5 {[%emt 0:00:30]} 6. O-O {[%emt 0:00:30]} b6 {[%emt 0:00:30]} 7. c4 {[%emt 0:00:30]} Bb7 {[%emt 0:00:30]} 8. e3 {[%emt 0:00:30]} c5 {[%emt 0:00:30]} 9. Qe2 {[%emt 0:00:30]} Nbd7 {[%emt 0:00:30]} 10. Rd1 {[%emt 0:00:30]} Qc7 {[%emt 0:00:30]} 11. Nc3 {[%emt 0:00:30]} Rac8 {[%emt 0:00:30]} 12. Rac1 {[%emt 0:00:30]} Rfd8 {[%emt 0:00:30]} 13. cxd5 {[%emt 0:00:30]} Nxd5 {[%emt 0:00:30]} 14. Nxd5 {[%emt 0:00:30]} Bxd5 {[%emt 0:00:30]} 15. e4 {[%emt 0:00:30]} Bb7 {[%emt 0:00:30]} 16. d4 {[%emt 0:00:30]} Bf6 {[%emt 0:00:30]} 17. b4 {[%emt 0:00:30]} Qc6 {[%emt 0:00:30]} 18. e5 {[%emt 0:00:30]} Be7 {[%emt 0:00:30]} 19. Ne1 {[%emt 0:00:30]} Qc7 {[%emt 0:00:30]} 20. d5 {[%emt 0:00:30]} Bxd5 {[%emt 0:00:30]} 21. Bxd5 {[%emt 0:00:30]} exd5 {[%emt 0:00:30]} 22. e6 {[%emt 0:00:30]} Nf6 {[%emt 0:00:30]} 23. Nf3 {[%emt 0:00:30]} Ne4 {[%emt 0:00:30]} 24. exf7+ {[%emt 0:00:30]} Kxf7 {[%emt 0:00:30]} 25. Rxd5 {[%emt 0:00:30]} Rxd5 {[%emt 0:00:30]} 26. Qxe4 {[%emt 0:00:30]} Qd6 {[%emt 0:00:30]} 27. Qg4 {[%emt 0:00:30]} Rf8 {[%emt 0:00:30]} 28. bxc5 {[%emt 0:00:30]} bxc5 {[%emt 0:00:30]} 29. Qxg7+ {[%emt 0:00:30]} Ke8 {[%emt 0:00:30]} 30. Qg4 {[%emt 0:00:30]} Qd7 {[%emt 0:00:30]} 31. Qe4 {[%emt 0:00:30]} Qf5 {[%emt 0:00:30]} 32. Qa4+ {[%emt 0:00:30]} Kf7 {[%emt 0:00:30]} 33. Qb3 {[%emt 0:00:30]} Kg6 {[%emt 0:00:30]} 34. Kg2 {[%emt 0:00:30]} Bf6 {[%emt 0:00:30]} 35. Bxf6 {[%emt 0:00:30]} Kxf6 {[%emt 0:00:30]} 36. Rc4 {[%emt 0:00:30]} Qd3 {[%emt 0:00:30]} 37. Rf4+ {[%emt 0:00:30]} Ke7 {[%emt 0:00:30]} 38. Qb7+ {[%emt 0:00:30]} Rd7 {[%emt 0:00:30]} 39. Re4+ {[%emt 0:00:30]} Kd6 {[%emt 0:00:30]} 40. Qxd7+ {[%emt 0:00:30]} 1-0